|
|
|
|
| LEADER |
00964nam a2200229 a 4500 |
| 001 |
GR-Patra33949 |
| 008 |
110110s2008 gr g b 001 b eng d |
| 020 |
|
|
|z 978-4129-1266-2
|
| 044 |
|
|
|b ca
|
| 082 |
|
0 |
|a 001.42
|2 23
|
| 100 |
1 |
|
|a Barbour, Rosaline S.
|
| 245 |
1 |
0 |
|a Introducing qualitative research :
|b a student's guide to the craft of doing qualitative research /
|c Rosaline S. Barbour.
|
| 260 |
|
|
|a Los Angeles, Calif
|a London :
|b SAGE,
|c 2008
|
| 300 |
|
|
|a (viii, 319 σ.) :
|b εικ.
|
| 504 |
|
|
|a Περιλαμβάνει βιβλιογραφίες και ευρετήριο.
|
| 650 |
|
0 |
|a Qualitative research
|
| 650 |
|
0 |
|a Social sciences
|x Research
|
| 710 |
0 |
|
|a SAGE Publications
|
| 942 |
|
|
|2 ddc
|
| 952 |
|
|
|0 0
|1 0
|2 ddc
|4 0
|6 001_420000000000000_BAR
|7 1
|9 316210
|a LISK
|b LISK
|c BSC
|d 2021-01-17
|e 24
|f 0
|g 0.00
|l 0
|o 001.42 BAR
|p 92410052236
|r 2021-01-17 00:00:00
|t 1
|w 2021-01-17
|y BKN
|x 20130726 0 0
|x GrPaTEI
|
| 971 |
|
|
|a .b26815217
|b 15-04-20
|c 27-09-16
|
| 999 |
|
|
|c 180095
|d 180095
|